00681nam a2200217Ia 4500003000400000005001700004008004100021020001800062040001800080041000800098082002600106245012000132250001200252260005200264300002900316650002900345650002800374650001800402700002300420700002000443OSt20241217092749.0210716s2009 xx 000 0 und d a9788184244366 cAIMIT LIBRARY aeng a001.0720046 21bSASM aOpen source beyond GNU/Linux : bNational conference on open source software /cEdited by M Sasikumar and R Aparna. a1st ed. aNew Delhi :bAllied Publishers Pvt Ltd ,c2009. axii;159p. ;bPBc28.5 cm aCollaboration technology aEnterprise applications aOther domains aSasikumar, M., ed. aAparna, R., ed.